| 000 | 00836nam a22001577a 4500 | ||
|---|---|---|---|
| 003 | OSt | ||
| 005 | 20150930142505.0 | ||
| 008 | 150930b xxu||||| |||| 00| 0 eng d | ||
| 040 | _cRUA | ||
| 082 | _aAGR MEN 2005 B030 Or.1 | ||
| 100 |
_91608 _aMEN, SOPHEAP |
||
| 245 | _aComparing celery cabbage (brassica chinensis l ) varieties under condition of royal university of agriculture crop station in dry season, 2005, ការប្រៀបធៀបពូជដំណាំស្ពៃចង្កឹះក្នុងលក្ខខណ្ឌស្ថានីយ៍ដំណាំសាកលវិទ្យាល័យភូមិន្ទកសិកម្មនៅរដូវប្រាំងឆ្នាំុំុំុំ,២០០៥ | ||
| 260 |
_aPhnom Penh _bRUA _c2005 |
||
| 300 |
_axii; 51p. _bill. _c29cm. |
||
| 942 |
_2ddc _cAGR |
||
| 999 |
_c1517 _d1517 |
||